000 00545nam a2200205Ia 4500
003 GCL
008 140319s9999 xx 000 0 ara d
040 _aGCL /
_cGCL
082 0 4 _a813.03
_bن ح
100 1 _aنجيب محفوظ
245 1 0 _aحول العلم والعمل /
_cنجيب محفوظ
700 1 _aفتحى العشرى
300 _a209 ص
490 _aنجيب محفوظ
_v0
650 0 4 _aالادب العربى
650 0 4 _aالادب
650 0 4 _aنجيب محفوظ
650 0 4 _aمقالات
942 _2ddc
_cBK
999 _c49085
_d49085